К методике компьютерного расчета квазистатического электрического поля ЛЭП; Энергетика: Экология, надежность, безопасность

Dettagli Bibliografici
Parent link:Энергетика: Экология, надежность, безопасность.— 1999.— С. 193-194.
Autore principale: Шрамов Д. М.
Lingua:russo
Pubblicazione: 1999
Soggetti:
Natura: Capitolo di libro
KOHA link:https://koha.lib.tpu.ru/cgi-bin/koha/opac-detail.pl?biblionumber=49346

MARC

LEADER 00000naa2a2200000 4500
001 49346
005 20231031032558.0
035 |a (RuTPU)RU\TPU\book\51668 
035 |a RU\TPU\tpu\9669 
090 |a 49346 
100 |a 20030331d1999 k y0rusy50 ca 
101 0 |a rus 
102 |a RU 
200 1 |a К методике компьютерного расчета квазистатического электрического поля ЛЭП  |f Д. М. Шрамов 
320 |a Библиогр.: 3 назв. 
463 1 |0 (RuTPU)RU\TPU\book\13649  |t Энергетика: Экология, надежность, безопасность  |o Материалы докладов 5-ой Всероссийской научно-технической конференции  |f Томский политехнический университет  |v С. 193-194.  |d 1999  |p 250 с. 
610 1 |a труды учёных ТПУ 
675 |a 620.9:628(063)  |v 3 
700 1 |a Шрамов  |b Д. М. 
801 1 |a RU  |b 63413507  |c 20020920  |g PSBO 
801 2 |a RU  |b 63413507  |c 20030331  |g PSBO 
942 |c BK